| 000 | 01435nam a2200241Ia 4500 | ||
|---|---|---|---|
| 003 | Ost | ||
| 005 | 20260507075722.0 | ||
| 008 | 260507s9999||||xx |||||||||||||| ||und|| | ||
| 020 | _a9789931748816 | ||
| 040 | _cfsecg | ||
| 041 | _aara | ||
| 082 | _a332.46 | ||
| 100 |
_aبوعبدالله، ودان _eمؤلف |
||
| 245 | 0 |
_aمحاضرات في الاقتصاد البنكي : _bمع الإشارة إلى إصلاحات قانون النقد والقرض / _c ودان بوعبدالله |
|
| 260 |
_aالجزائر: _bدار الباحث للنشر والاشهار, _c2022 |
||
| 300 |
_a214 صفحة؛ _bإيضاحات ؛ _c24 سم |
||
| 504 | _aمراجع ص.203 | ||
| 520 | _aالوساطة الماليةوالبيئة البنكية، المصطلحات النقدية والمالية ، كذلك البيئة البنكية والنقدية والاقتصادية في الجزائر قبل اصلاحات قانون النقد والقرض، البنوك المركزية، عمليات بنك الجزائر وصلاحيات مجلس النقد والقرض، و البنوك التجاريةمع المخاطر البنكيةو أخيرا تنظيمات الرقابة على المخاطر البنكية وحركاترؤوس الأموال في الجزائر. | ||
| 653 | _aالبنوك | ||
| 653 | _aالنظام النقدي | ||
| 700 |
_aرمضاني، محمد _eمؤلف ثانوي |
||
| 942 | _cكتاب | ||
| 999 |
_c45944 _d45944 |
||